| 000 | 01011cab a2200229 4500 | ||
|---|---|---|---|
| 001 | WB3042-27 | ||
| 008 | 090401t1994 xxu||||| |||| 00| 0 eng d | ||
| 035 | _a(Sirsi) u77333 | ||
| 041 | _aeng | ||
| 245 | _aNotice was defective | ||
| 260 | _c1994 | ||
| 350 | _a0 | ||
| 490 |
_aTimes _v8 November 1994, 42(1) |
||
| 520 | _aIn "Network Housing Association Ltd v Westminster CC" QBD 1 November 1994 it was held that a noise abatement notice was defective where there was a complaint of noise pollution contrary to Environmental Pollution Act 1990 s79(1)(g) involving difficult questions of sound levels and nuisance and it required only that a particular result be achieved and did not state what work was to be put in hand. | ||
| 650 | _aENVIRONMENTAL PROTECTION ACT 1990 S79(1)(G) | ||
| 650 | _aNETWORK HOUSING ASSOCIATION LTD V WESTMINSTER CC | ||
| 650 | _aNOISE POLLUTION | ||
| 650 | _aNOSIE ABATEMENT NOTICE | ||
| 690 | _aENVIRONMENTAL AND LAND CONSULTANCY | ||
| 942 | _n0 | ||
| 948 | _c04/03/1997 | ||
| 999 |
_c48620 _d48620 |
||